书目信息 |
| 题名: |
祖国颂:少年儿童朗诵作品选
|
|
| 作者: | 梁子高 著 | |
| 分册: | ||
| 出版信息: | 重庆 重庆大学出版社 1999.08 |
|
| 页数: | 173页 | |
| 开本: | 32开 | |
| 丛书名: | ||
| 单 册: | ||
| 中图分类: | I287.2 | |
| 科图分类: | ||
| 主题词: | 儿童文学--中国 , 儿童文学--中国--丛书 | |
| 电子资源: | ||
| ISBN: | 7-5624-1965-5 | |
| 000 | 00619nam0 2200205 45 | |
| 001 | 0008211684 | |
| 005 | 20000902170013.0 | |
| 010 | @a7-5624-1965-5@d9.00元 | |
| 100 | @a20000821d1999 km y0chiy0120 ea | |
| 101 | 0 | @achi |
| 105 | @a z 000yy | |
| 200 | 1 | @a祖国颂:少年儿童朗诵作品选@AZu Guo Song:Shao Nian Er Tong Lang Song ZuoPin Xuan@f梁子高著@FLiang Zi Gao Zhu |
| 210 | @a重庆@c重庆大学出版社@d1999.08 | |
| 215 | @a173页@d32开 | |
| 606 | 0 | @a儿童文学@x中国 |
| 606 | 0 | @a儿童文学@x中国@x丛书 |
| 690 | @aI287.2@v3 | |
| 701 | 0 | @a梁子高@4著 |
| 801 | @aCN@bPftUser@c20000821 | |
| 905 | @dI287.2@eL284@b116116-120@f5 | |
| 祖国颂:少年儿童朗诵作品选/梁子高著.-重庆:重庆大学出版社,1999.08 |
| 173页;32开 |
| ISBN 7-5624-1965-5:9.00元 |
| ● |
| 相关链接 |
|
|
|
正题名:祖国颂:少年儿童朗诵作品选
索取号:I287.2/L284
 
预约/预借
| 序号 | 登录号 | 条形码 | 馆藏地/架位号 | 状态 | 备注 |
| 1 | 116116 | 201161161 | 社科二线422/422社科库 26排3列2层/ [索取号:I287.2/L284] | 在馆 | |
| 2 | 116117 | 201161170 | 社科二线422/422社科库 26排3列2层/ [索取号:I287.2/L284] | 在馆 | |
| 3 | 116118 | 201161189 | 社科二线422/422社科库 26排3列2层/ [索取号:I287.2/L284] | 在馆 | |
| 4 | 116119 | 201161198 | 社科二线400B/400B社科库 27排4列3层/ [索取号:I287.2/L284] | 在馆 | |
| 5 | 116120 | 201161205 | 社科二线422/422社科库 26排3列2层/ [索取号:I287.2/L284] | 在馆 |